000 01032nam a2200265 a 4500
001 000045793
003 DO-SdBNP
005 20240229073955.0
008 150514s2000 dr ac 000 0 spa d
040 _aDO-SdBNP
_bspa
_cBNPHU
100 1 _aVega, Bernardo,
_d1938 -
_93222
245 1 3 _aEl 23 de febrero de 1930 o la más anunciada revolución de América /
_cBernardo Vega ; edición al cuidado de José Alcátara Almánzar.
246 1 0 _aLa más anunciada revolución de América
250 _a2a ed.
260 _aSanto Domingo :
_bFundación Cultural Dominicana,
_c2000.
300 _a83 p. :
_bil., retrs ;
_c22 cm.
500 _aIncluye notas al pie de las páginas.
590 _aInventariado, 2021/ LP
600 4 _aLeónidas Trujillo, Rafael Molina,
_d1891-1930
_980291
651 4 _aRepública Dominicana
_xHistoria
_y1844-1930
_954766
700 1 2 _aAlcátara Almánzar, José,
_eed.
_973875
740 0 _aMás anunciada revolución de América.
910 _aValidado. Control de calidad MFF
942 _2ddc
_cLBS1
999 _c45282
_d45282